¿A poco las mujeres tenemos derechos? : un folleto sobre los derechos humanos de las mujeres y por qué y cómo defenderlos /
محفوظ في:
| مؤلفون آخرون: | |
|---|---|
| التنسيق: | كتاب |
| اللغة: | الإسبانية |
| الموضوعات: | |
| الوسوم: |
لا توجد وسوم, كن أول من يضع وسما على هذه التسجيلة!
|
MARC
| LEADER | 00000nam^a2200000^a^4500 | ||
|---|---|---|---|
| 001 | 000315132 | ||
| 005 | 20260320000000.0 | ||
| 009 | 20260407173234.845 | ||
| 037 | |a Acervo Xavier Clavigero | ||
| 041 | |a ESP | ||
| 082 | |a 323. 34 |b MAI | ||
| 100 | |a Maier, Elizabeth |e (dir.) | ||
| 245 | 1 | 0 | |a ¿A poco las mujeres tenemos derechos? : |b un folleto sobre los derechos humanos de las mujeres y por qué y cómo defenderlos / |c Dir. de E. Maier ; il. de Ricardo Peláez G. |
| 264 | |a México : |b Servicio Universitario Mundial, Comité Nacional México, |c 1990 | ||
| 300 | |a 47 p. | ||
| 336 | |a texto |b txt |2 rdacontenido | ||
| 337 | |a sin mediación |b n |2 rdamedio | ||
| 338 | |a volumen |b nc |2 rdasoporte | ||
| 585 | |a Exposición DIA 2025-03 / El hilo rojo de la violencia | ||
| 649 | |a XX | ||
| 650 | |a Mujeres - |x Condiciones Jurídicas - |x Tema Principal | ||
| 650 | |a Derecho de las Personas | ||
| 650 | |a Derechos Humanos | ||
| 650 | |a Tratados Internacionales | ||
| 650 | |a Derecho Internacional Público | ||
| 650 | |a Política | ||
| 910 | |a Fondo General | ||
| 920 | |a Impresos - Libros | ||
| 930 | |a Colección General | ||
| 905 | |a 101 | ||
| 901 | |a 0500202082 |b IT1 |c ACC |u 20250521 | ||
| 902 | |a https://opac.biblio.iteso.mx/vufind/Record/000315132 | ||